Вып. 23 : Математические модели электрических машин; Бесконтактные электрические машины

গ্রন্থ-পঞ্জীর বিবরন
Parent link:Бесконтактные электрические машины: [сборник статей]/ Академия наук Латвийской ССР (АН ЛатССР), Физико-энергетический институт (ФЭИ). Вып. 23 : Математические модели электрических машин.— , 1961-1986
অন্যান্য লেখক: Куцевалов В. М. (редактор)
ভাষা:রুশ
প্রকাশিত: 1984
বিষয়গুলি:
বিন্যাস: গ্রন্থ
KOHA link:https://koha.lib.tpu.ru/cgi-bin/koha/opac-detail.pl?biblionumber=297022

MARC

LEADER 00000nam2a2200000 4500
001 297022
005 20231102000951.0
035 |a (RuTPU)RU\TPU\book\322142 
035 |a RU\TPU\book\313804 
090 |a 297022 
100 |a 20150331d1984 k y0rusy5003 ca 
101 0 |a rus 
102 |a LV 
105 |a a z 001zy 
200 0 |a Вып. 23 : Математические модели электрических машин  |f отв. ред. В. М. Куцевалов 
210 |d 1984 
215 |d 21 см  |a 142 с.  |c ил. 
320 |a Библиогр. в конце ст. 
461 1 |0 (RuTPU)RU\TPU\book\299880  |t Бесконтактные электрические машины  |o [сборник статей]  |f Академия наук Латвийской ССР (АН ЛатССР), Физико-энергетический институт (ФЭИ)  |v Вып. 23 : Математические модели электрических машин  |d 1961-1986 
606 1 |a Электрические машины, бесконтактные  |2 stltpush  |3 (RuTPU)RU\TPU\subj\27163  |9 50959 
610 1 |a электротехника 
610 1 |a математическое моделирование 
610 1 |a модели 
675 |a 621.313.392  |v 4 
702 1 |a Куцевалов  |b В. М.  |4 340 
801 1 |a RU  |b 63413507  |c 20150604 
801 2 |a RU  |b 63413507  |c 20180118  |g RCR 
942 |c BK